[Event "EU-ch U18 23rd"]
[Site "Budva"]
[Date "2013.09.29"]
[Round "1"]
[White "Maatman, Nick"]
[Black "Espinosa Cancino, Miguel"]
[Result "1-0"]
[WhiteElo "2236"]
[BlackElo "1787"]
[PlyCount "51"]
[EventDate "2013.09.29"]
[EventType "swiss"]
[EventRounds "9"]
[EventCountry "MNE"]
[SourceTitle "CBM 156 Extra"]
[Source "ChessBase"]
[SourceDate "2013.10.22"]
[SourceVersion "1"]
[SourceVersionDate "2013.10.22"]
[SourceQuality "1"]

1. d4 Nf6 2. c4 g6 3. Nc3 Bg7 4. e4 d6 5. f3 0-0 6. Be3 e5 7. d5 a5 8. Qd2 Na6 9. Bd3 Bd7 10. Nge2 b6 11. 0-0-0 Nc5 12. Bc2 a4 13. g4 Qe8 14. Ng3 Ra6 15. h4 b5 16. cxb5 Bxb5 17. h5 Qb8 18. Bh6 Bc4 19. Bxg7 Kxg7 20. Nf5+ Kh8 21. Qh6 Rg8 22. g5 a3 23. gxf6 Qxb2+ 24. Kd2 Bd3 25. hxg6 Qxc2+ 26. Ke3 1-0

[Event "Erandio op 21st"]
[Site "Erandio"]
[Date "2012.12.22"]
[Round "1"]
[White "Espinosa Cancino, Miguel"]
[Black "Trigo Urquijo, Sergio"]
[Result "0-1"]
[WhiteElo "1728"]
[BlackElo "2233"]
[PlyCount "64"]
[EventDate "2012.12.22"]
[EventType "swiss"]
[EventRounds "9"]
[EventCountry "ESP"]
[SourceTitle "CBM 152 Extra"]
[Source "ChessBase"]
[SourceDate "2013.02.25"]
[SourceVersion "1"]
[SourceVersionDate "2013.02.25"]
[SourceQuality "1"]

1. d4 d6 2. Nf3 Nf6 3. c4 g6 4. Nc3 Bg7 5. e4 0-0 6. Be2 Nbd7 7. 0-0 e5 8. d5 Nc5 9. Qc2 a5 10. Be3 b6 11. a3 a4 12. Nd2 Bd7 13. f3 Nh5 14. b4 axb3 15. Nxb3 Nxb3 16. Qxb3 Nf4 17. Rfe1 h5 18. Bf1 g5 19. g3 Nh3+ 20. Kh1 g4 21. Bxh3 gxh3 22. Rg1 f5 23. exf5 Rxf5 24. g4 Rxf3 25. gxh5 Rxe3 26. h6 Qf6 27. Rxg7+ Kh8 28. Qd1 Rxc3 29. Rxd7 Qf4 30. Rg7 Qe4+ 31. Kg1 Rc2 32. Qg4 Rg2+ 0-1

[Event "Arco op 34th"]
[Site "Arco"]
[Date "2012.10.21"]
[Round "9"]
[White "Espinosa Cancino, Miguel"]
[Black "Weinberg, Emanuele"]
[Result "1-0"]
[WhiteElo "1696"]
[BlackElo "1795"]
[PlyCount "33"]
[EventDate "2012.10.13"]
[EventType "swiss"]
[EventRounds "9"]
[EventCountry "ITA"]
[SourceTitle "EXT 2013"]
[Source "ChessBase"]
[SourceDate "2012.11.22"]
[SourceVersion "1"]
[SourceVersionDate "2012.11.22"]
[SourceQuality "1"]

1. d4 Nf6 2. Nf3 e6 3. e3 g6 4. Bd3 Bg7 5. e4 d6 6. 0-0 0-0 7. c4 c5 8. dxc5 dxc5 9. Qe2 Nc6 10. e5 Nd7 11. Bf4 Qc7 12. Re1 Nb4 13. Nc3 Nxd3 14. Qxd3 a6 15. Bg3 f5 16. exf6 Nxf6 17. Bxc7 1-0

[Event "Arco op 34th"]
[Site "Arco"]
[Date "2012.10.18"]
[Round "6"]
[White "Antoniacci, Ricardo"]
[Black "Espinosa Cancino, Miguel"]
[Result "1-0"]
[WhiteElo "1911"]
[BlackElo "1696"]
[PlyCount "65"]
[EventDate "2012.10.13"]
[EventType "swiss"]
[EventRounds "9"]
[EventCountry "ITA"]
[SourceTitle "EXT 2013"]
[Source "ChessBase"]
[SourceDate "2012.11.22"]
[SourceVersion "1"]
[SourceVersionDate "2012.11.22"]
[SourceQuality "1"]

1. d4 Nf6 2. c4 e6 3. Nf3 d5 4. Nc3 c6 5. e3 Be7 6. Bd3 0-0 7. Ne5 dxc4 8. Bxc4 b5 9. Bd3 a6 10. 0-0 Bb7 11. Qf3 Qc7 12. Qh3 Nbd7 13. f4 g6 14. Rf3 Kg7 15. e4 Rg8 16. Be3 c5 17. Rc1 cxd4 18. Nd5 Qd8 19. Nxe7 Qxe7 20. Bxd4 Qd6 21. Bc3 b4 22. Nxd7 Qxd7 23. Be5 Rac8 24. Rcf1 Qe7 25. Qh4 h5 26. Rg3 Rh8 27. Qg5 Rhd8 28. Rh3 Rh8 29. Kh1 Rcd8 30. f5 exf5 31. Rxf5 Kh7 32. Bxf6 Qxe4 33. Rxh5+ 1-0

[Event "Arco op 34th"]
[Site "Arco"]
[Date "2012.10.17"]
[Round "5"]
[White "Espinosa Cancino, Miguel"]
[Black "Messina, Roberta"]
[Result "1/2-1/2"]
[WhiteElo "1696"]
[BlackElo "1983"]
[PlyCount "111"]
[EventDate "2012.10.13"]
[EventType "swiss"]
[EventRounds "9"]
[EventCountry "ITA"]
[SourceTitle "EXT 2013"]
[Source "ChessBase"]
[SourceDate "2012.11.22"]
[SourceVersion "1"]
[SourceVersionDate "2012.11.22"]
[SourceQuality "1"]

1. d4 Nf6 2. Nf3 e6 3. e3 Nc6 4. c3 d6 5. Bd3 e5 6. Nbd2 Qe7 7. e4 g6 8. d5 Nb8 9. 0-0 Bg7 10. Ne1 0-0 11. Nb3 c6 12. c4 Nh5 13. f3 Nd7 14. Be3 Nf4 15. Bc2 c5 16. Nd3 Nb6 17. Nd2 Qg5 18. Bxf4 exf4 19. Rb1 Nd7 20. Re1 h5 21. Kh1 h4 22. Ba4 Nf6 23. e5 dxe5 24. Rxe5 Bf5 25. Bc2 Nh5 26. Ne4 Qd8 27. Nexc5 b6 28. Ne4 Bxe5 29. Nxe5 Rc8 30. Nc6 Qc7 31. Qd4 Qd7 32. Nf6+ Nxf6 33. Bxf5 Qd6 34. Bxc8 Rxc8 35. Nxa7 Ra8 36. Nb5 Qd8 37. Qxf4 Nh5 38. Qe5 Ra4 39. Nd6 Rxa2 40. Qe8+ Qxe8 41. Nxe8 Kf8 42. Nd6 Ra4 43. Kg1 Nf4 44. g3 hxg3 45. hxg3 Nd3 46. g4 Ne5 47. Kf2 Nxc4 48. Nxc4 Rxc4 49. Ke3 Ke7 50. Rd1 Kd6 51. Rd3 Rb4 52. b3 f6 53. f4 Rb5 54. Ke4 Rb4+ 55. Ke3 Rb5 56. Ke4 1/2-1/2

[Event "Arco op 34th"]
[Site "Arco"]
[Date "2012.10.14"]
[Round "2"]
[White "Bergen, Klaus"]
[Black "Espinosa Cancino, Miguel"]
[Result "1/2-1/2"]
[WhiteElo "1927"]
[BlackElo "1696"]
[PlyCount "42"]
[EventDate "2012.10.13"]
[EventType "swiss"]
[EventRounds "9"]
[EventCountry "ITA"]
[SourceTitle "EXT 2013"]
[Source "ChessBase"]
[SourceDate "2012.11.22"]
[SourceVersion "1"]
[SourceVersionDate "2012.11.22"]
[SourceQuality "1"]

1. e4 c5 2. Nf3 d6 3. d4 cxd4 4. Nxd4 Nf6 5. Nc3 g6 6. Be3 Bg7 7. f3 0-0 8. Bc4 Nc6 9. Qd2 Bd7 10. 0-0-0 a6 11. Kb1 Rc8 12. Bb3 Ne5 13. g4 Nc4 14. Bxc4 Rxc4 15. Nb3 b5 16. h4 h5 17. gxh5 Nxh5 18. Bd4 Bxd4 19. Nxd4 Kh7 20. Nd5 Rg8 21. Ne2 e6 1/2-1/2

[Event "BCF-ch Weekend Atkins"]
[Site "North Shields"]
[Date "2012.07.28"]
[Round "2.28"]
[White "Espinosa Cancino, Miguel"]
[Black "Seeber, Martin"]
[Result "1-0"]
[WhiteElo "1432"]
[BlackElo "1872"]
[PlyCount "138"]
[EventDate "2012.07.27"]
[EventType "swiss"]
[EventRounds "5"]
[EventCountry "ENG"]
[SourceTitle "EXT 2023"]
[Source "ChessBase"]
[SourceDate "2022.10.05"]
[SourceVersion "1"]
[SourceVersionDate "2022.10.05"]
[SourceQuality "1"]

1. d4 Nf6 2. Nf3 g6 3. c4 Bg7 4. Nc3 d6 5. e4 0-0 6. Be2 e5 7. d5 a5 8. a3 Bd7 9. 0-0 h6 10. Ne1 Na6 11. Nd3 Nh7 12. f3 f5 13. Be3 f4 14. Bf2 g5 15. c5 Qe8 16. Rb1 h5 17. b4 axb4 18. axb4 Qg6 19. c6 Bc8 20. Ra1 Rb8 21. b5 Nc5 22. Nxc5 dxc5 23. Bxc5 Rd8 24. Be7 Bf6 25. Bxd8 Bxd8 26. Kh1 g4 27. cxb7 Bxb7 28. fxg4 h4 29. h3 Ng5 30. Bf3 Nf7 31. Qe2 Bc8 32. Rfb1 Bd7 33. Ra6 Nd6 34. Rba1 Qe8 35. Ra8 Rxa8 36. Rxa8 Nc8 37. Ra1 Be7 38. Rb1 Bc5 39. Qc4 Bd6 40. Be2 Kg7 41. Na4 Kg6 42. Ra1 Kg5 43. Rb1 Nb6 44. Nxb6 cxb6 45. Ra1 Bc5 46. Qa4 Bb4 47. Ra2 Qc8 48. Rc2 Bc5 49. Qc4 Qf8 50. Qc3 Qd6 51. Qc4 Be8 52. Ra2 Qb8 53. Qa4 Bg6 54. Bf3 Bb4 55. Qa7 Qd6 56. Qa3 Qc7 57. Rd2 Qc5 58. Qb3 Qd6 59. Rc2 Be8 60. Qa4 Qb8 61. Qa6 Bd7 62. Be2 Bc8 63. Qa2 Bd7 64. Qa4 Qe8 65. Qa6 Qb8 66. Qa2 Qc8 67. Qa8 Qc7 68. Qg8+ Kf6 69. g5+ Ke7 1-0

[Event "BCF-ch Weekend Atkins"]
[Site "North Shields"]
[Date "2012.07.28"]
[Round "3.24"]
[White "Hall, Nigel"]
[Black "Espinosa Cancino, Miguel"]
[Result "1/2-1/2"]
[WhiteElo "1992"]
[BlackElo "1432"]
[PlyCount "39"]
[EventDate "2012.07.27"]
[EventType "swiss"]
[EventRounds "5"]
[EventCountry "ENG"]
[SourceTitle "EXT 2023"]
[Source "ChessBase"]
[SourceDate "2022.10.05"]
[SourceVersion "1"]
[SourceVersionDate "2022.10.05"]
[SourceQuality "1"]

1. e4 c5 2. Nf3 d6 3. Bb5+ Bd7 4. Bxd7+ Nxd7 5. 0-0 Ngf6 6. d3 g6 7. b3 Bg7 8. Bb2 0-0 9. Nfd2 Qc7 10. a4 a6 11. Nc4 b5 12. Ne3 e6 13. Re1 h6 14. Nd2 Rfe8 15. h3 Nb6 16. axb5 axb5 17. Qe2 Rxa1 18. Rxa1 Rc8 19. Qd1 Qb7 20. Qb1 1/2-1/2